Complications in PTCA / (Record no. 3257)

000 -LEADER
fixed length control field 01612cam a2200445 a 4500
003 - CONTROL NUMBER IDENTIFIER
control field OSt
005 - DATE AND TIME OF LATEST TRANSACTION
control field 20210906080246.0
008 - FIXED-LENGTH DATA ELEMENTS--GENERAL INFORMATION
fixed length control field 910514s1991 gw a b 100 0 eng
020 ## - INTERNATIONAL STANDARD BOOK NUMBER
International Standard Book Number 9783798508309
020 ## - INTERNATIONAL STANDARD BOOK NUMBER
International Standard Book Number 3798508305
020 ## - INTERNATIONAL STANDARD BOOK NUMBER
International Standard Book Number 0387913718
040 ## - CATALOGING SOURCE
Transcribing agency ALUPE UNIVERSITY
050 #4 - LIBRARY OF CONGRESS CALL NUMBER
Classification number RD598
Item number .F73 1991
060 00 - NATIONAL LIBRARY OF MEDICINE CALL NUMBER
Classification number WG 141.5.A3
Item number C737 1991
084 ## - OTHER CLASSIFICATION NUMBER
Classification number YB 8900
Number source rvk
245 00 - TITLE STATEMENT
Title Complications in PTCA /
Statement of responsibility, etc. E. Fleck, E. Frantz, eds.
260 ## - PUBLICATION, DISTRIBUTION, ETC.
Place of publication, distribution, etc. Darmstadt ;
-- New York :
Name of publisher, distributor, etc. Steinkopff Verlag :
-- Springer-Verlag,
Date of publication, distribution, etc. �1991.
300 ## - PHYSICAL DESCRIPTION
Extent x, 154 pages :
Other physical details illustrations
336 ## - CONTENT TYPE
Content type term text
Content type code txt
Source rdacontent
337 ## - MEDIA TYPE
Media type term unmediated
Media type code n
Source rdamedia
338 ## - CARRIER TYPE
Carrier type term volume
Carrier type code nc
Source rdacarrier
504 ## - BIBLIOGRAPHY, ETC. NOTE
Bibliography, etc. note Includes bibliographical references.
650 #0 - SUBJECT ADDED ENTRY--TOPICAL TERM
Topical term or geographic name entry element Transluminal angioplasty.
650 #0 - SUBJECT ADDED ENTRY--TOPICAL TERM
Topical term or geographic name entry element Coronary heart disease
General subdivision Surgery.
650 #0 - SUBJECT ADDED ENTRY--TOPICAL TERM
Topical term or geographic name entry element Angiocardiography.
650 #2 - SUBJECT ADDED ENTRY--TOPICAL TERM
Topical term or geographic name entry element Angioplasty, Balloon, Coronary
General subdivision adverse effects.
650 #2 - SUBJECT ADDED ENTRY--TOPICAL TERM
Topical term or geographic name entry element Coronary Disease
General subdivision therapy.
650 #7 - SUBJECT ADDED ENTRY--TOPICAL TERM
Topical term or geographic name entry element Angiocardiography.
Source of heading or term fast
Authority record control number or standard number (OCoLC)fst00808813
650 #7 - SUBJECT ADDED ENTRY--TOPICAL TERM
Topical term or geographic name entry element Coronary heart disease
General subdivision Surgery.
Source of heading or term fast
Authority record control number or standard number (OCoLC)fst00879566
650 #7 - SUBJECT ADDED ENTRY--TOPICAL TERM
Topical term or geographic name entry element Transluminal angioplasty.
Source of heading or term fast
Authority record control number or standard number (OCoLC)fst01154851
650 #7 - SUBJECT ADDED ENTRY--TOPICAL TERM
Topical term or geographic name entry element Komplikation
Source of heading or term gnd
650 #7 - SUBJECT ADDED ENTRY--TOPICAL TERM
Topical term or geographic name entry element Perkutane transluminale Angioplastie
Source of heading or term gnd
700 1# - ADDED ENTRY--PERSONAL NAME
Personal name Fleck, Eckart.
700 1# - ADDED ENTRY--PERSONAL NAME
Personal name Frantz, E.
Fuller form of name (Eckart)
776 08 - ADDITIONAL PHYSICAL FORM ENTRY
Relationship information Online version:
Title Complications in PTCA.
Place, publisher, and date of publication Darmstadt ; New York : Steinkopff Verlag : Springer-Verlag, �1991
Record control number (OCoLC)646276517
910 ## - USER-OPTION DATA (OCLC)
User-option data UclaCollMgr MonosBKS19911994 20210428
910 ## - USER-OPTION DATA (OCLC)
User-option data rbd 910528
910 ## - USER-OPTION DATA (OCLC)
User-option data MARS
942 ## - ADDED ENTRY ELEMENTS (KOHA)
Source of classification or shelving scheme
Koha item type Book
Suppress in OPAC PW
Holdings
Withdrawn status Lost status Source of classification or shelving scheme Damaged status Not for loan Permanent Location Current Location Shelving location Date acquired Source of acquisition Total Checkouts Full call number Barcode Date last seen Price effective from Koha item type Public note
          AU LIBRARY AU LIBRARY Open Shelf 06.09.2021 DONATION FROM MOI UNIVERSITY   RD598 .F73 1991 28004235 06.09.2021 06.09.2021 Book PW

Powered by Koha